| 000 | 010340000a22001330004500 | ||
|---|---|---|---|
| 100 | 1 | _aGrisales, Jorge. | |
| 245 | 1 | 0 | _aInvestigación en el aula. aula viva, de conocimiento, aula inteligente. |
| 300 | _aVol.5, no.7 (nov., 2009), p. 9-16 | ||
| 500 | _aUbicación: varios | ||
| 520 | _aSe presenta a continuación una concepción muy práctica, y si se requiere anecdótica, relacionada con la experiencia que como docente, quien escribe, ha recabado por años de trabajo en el aula, y que me ha permitido conocer diversos puntos de vista, tanto teóricos como prácticos, sobre las mejores técnicas y herramientas metodológicas, capaces de sembrar en los estudiantes la semilla del verdadero aprendizaje; aquel que modifica conductas y les permite enfrentarse a un mundo de alta competitividad, con el suficiente capital intelectual como para agregar valor a todas las actividades y tareas que en el campo tanto personal como profesional, deben enfrentar. | ||
| 650 | 1 | 4 | _aEDUCACION - ENSEÑANZA |
| 773 | 0 | _tNoticia | |
| 942 | _cANA | ||
| 999 |
_c63038 _d63038 |
||